Expertízna činnosť v IV záverečná práca postgraduálneho štúdia

Uložené v:
Podrobná bibliografia
Hlavný autor: Danišová, Katarína
Korporativný autor: Vysoká škola ekonomická v Bratislave
Ďalší autori: Škríp, Štefan
Médium: Kniha
Jazyk:Slovak
Vydavateľské údaje: Bratislava 1987
Tagy: Pridať tag
Žiadne tagy, Buďte prvý, kto otaguje tento záznam!

MARC

LEADER 00000nam a2200000 4500
001 c036634
005 20221219094506.3
041 0 |a slo 
044 |a SK 
245 1 0 |a Expertízna činnosť v IV  |b záverečná práca postgraduálneho štúdia  |c Katarína Danišová ; Ved. práce Štefan Škríp 
264 1 |a Bratislava  |c 1987 
300 |a 61 s. 
100 1 |a Danišová, Katarína 
700 1 |a Škríp, Štefan 
710 2 |a Vysoká škola ekonomická v Bratislave